Dear John (TV) - Taylor Swift (All Lyrics) - Statistics

General Stats
  • This quiz has been taken 519 times
  • The average score is 328 of 376
Answer Stats
Lyrics % Correct
I
99%
the
99%
The
99%
you
99%
You
99%
a
98%
Dear
98%
John,
98%
in
97%
be
96%
go
96%
me
96%
to
96%
To
96%
Who
96%
your
96%
Your
96%
all
95%
All
95%
girl
95%
it
95%
that
95%
Then
95%
was
95%
you're
95%
an
94%
Don't
94%
don't
94%
gone
94%
now
94%
now,
94%
too
94%
young
94%
young?
94%
And
93%
and
93%
see
93%
so?
93%
So
93%
think
93%
When
93%
when
93%
dress
92%
way
92%
with?
92%
But
91%
know
91%
messed
91%
my
91%
home
90%
were
90%
whole
90%
cried
89%
on
89%
of
88%
day
87%
Long
87%
long
87%
I'm
86%
known
86%
love
86%
nights
86%
around
84%
by
84%
game
84%
"Run
84%
run
84%
can"
83%
as
82%
days
82%
it's
82%
look
82%
said
82%
song
82%
are
81%
at
81%
back
81%
loved
81%
they
81%
every
80%
is
80%
Oh
80%
over
80%
revolved
80%
this
80%
fast
79%
like
79%
mother
79%
why
79%
change
78%
could
78%
give
78%
Never
78%
sad,
78%
away
77%
empty
77%
expert
77%
girls
77%
list
77%
mind
77%
"Sorry"
77%
take
77%
wrong
77%
fire
76%
games
76%
how
76%
let
76%
played
76%
rules
76%
town
76%
twisted
76%
won't
76%
blue
75%
fine
75%
fireworks
75%
once
75%
turn
75%
up
75%
dark,
74%
losin'
74%
paint
74%
understand
74%
accused
73%
blurry
73%
chess
73%
get
73%
I'll
73%
impressed
73%
lines
73%
maybe
73%
name
73%
sick
73%
sky
73%
swore
73%
through
73%
Well,
73%
you'll
73%
fall
72%
keepin'
72%
nineteen's
72%
Prayin'
72%
shining
72%
them
72%
add
71%
again
71%
blind
71%
ignored
71%
need
71%
out
71%
tests
71%
acing
70%
'Cause
70%
Or
70%
phone
70%
blame
69%
floor
69%
have
69%
rain
69%
regret
69%
tonight
69%
traitors
69%
version
69%
which
69%
burned
68%
footsteps
68%
Wonderin'
68%
wrote
68%
before
67%
dry
67%
eyes
67%
lived
67%
optimism
67%
pickin'
67%
stopped
67%
catch
66%
Counting
65%
might
65%
took
65%
matches
64%
tired,
61%
lifeless
58%
shoulda
49%
No matching quizzes found
Score Distribution
Percent of People with Each Score
Percentile by Number Answered
Your Score History
You have not taken this quiz